<?xml version="1.0" encoding="UTF-8"?>
<record
    xmlns:xsi="http://www.w3.org/2001/XMLSchema-instance"
    xsi:schemaLocation="http://www.loc.gov/MARC21/slim http://www.loc.gov/standards/marcxml/schema/MARC21slim.xsd"
    xmlns="http://www.loc.gov/MARC21/slim">

  <leader>00337nam a2200109   4500</leader>
  <datafield tag="082" ind1="0" ind2=" ">
    <subfield code="a">221.6</subfield>
  </datafield>
  <datafield tag="242" ind1="0" ind2="0">
    <subfield code="a">Lessons from the Old Testament in the words of the Bible, in Dinka, Bor dialect</subfield>
  </datafield>
  <datafield tag="245" ind1="1" ind2="1">
    <subfield code="a">Pi&#xF6;&#xF6;c de l&#xEB;k th&#x25B;&#x25B;r :</subfield>
    <subfield code="b">N&#xEB; w&#xEB;l c&#xEF; ke ku&#x25B;&#x308;ny bei n&#xEB; bainolic</subfield>
  </datafield>
  <datafield tag="260" ind1=" " ind2=" ">
    <subfield code="b">S.P.C.K</subfield>
    <subfield code="c">c.1996</subfield>
  </datafield>
  <datafield tag="300" ind1=" " ind2=" ">
    <subfield code="a">214 p.</subfield>
  </datafield>
  <datafield tag="942" ind1=" " ind2=" ">
    <subfield code="2">ddc</subfield>
    <subfield code="c">BK</subfield>
  </datafield>
  <datafield tag="999" ind1=" " ind2=" ">
    <subfield code="c">64590</subfield>
    <subfield code="d">64564</subfield>
  </datafield>
</record>
